| 000 | 00650cam a2200229 a 4500 | ||
|---|---|---|---|
| 001 | 480752 | ||
| 005 | 20180213070721.0 | ||
| 008 | 841210s1985 nyua b 001 0 eng | ||
| 010 | _a 84027148 | ||
| 020 |
_a0471815543 : _c$29.95 (est.) |
||
| 020 |
_a0471808245 (pbk.) : _c$16.95 |
||
| 040 |
_aDLC _cDLC _dDLC |
||
| 041 | _aeng | ||
| 080 | _a001.535 pau | ||
| 082 | 0 | 0 |
_a001.535 pau _219 |
| 100 | 1 | _a57 | |
| 101 | _abus | ||
| 245 | 1 | 0 |
_aExpert systems : _cPaul Harmon and David King. |
| 504 | _aBibliography: p. [274]-278. | ||
| 906 |
_a7 _bcbc _corignew _d1 _eocip _f19 _gy-gencatlg |
||
| 942 |
_2ddc _cBK |
||
| 999 |
_c42382 _d42382 |
||